• 首页
  • 本馆介绍
  • 公告通知
  • 最新文献
  • 馆藏检索
  • 电子资源
  • 读者导购
  • 参考咨询
  • 我的图书馆
  • 登录
  • 详细信息显示
  • 放入我的书架
  • 预约/预借图书
  • 作者相关作品
  • 分类相关作品
  • 丛书相关作品
  • 出版社相关作品

书目信息

  • 表格格式
  • 工作单格式
  • 卡片格式
题名:
教师的职称晋升规划
    
 
作者: 朱立明 主编
分册:  
出版信息: 北京   中国社会科学出版社  2012.7
页数: 177页
开本: 24cm
丛书名:
单 册:
中图分类: G451.5
科图分类:
主题词: 教师--职称--工作 , 教师
电子资源:
ISBN: 978-7-5161-0686-0
000 00660nam0 2200229 45
001 1356796312
005 20130515093807.90
010    @a978-7-5161-0686-0@dCNY22.80
100    @a20130108d2012 ekmy0chiy0120 ea
101 0  @achi
102    @aCN@b110000
105    @ay z 000yy
106    @ar
200 1  @a教师的职称晋升规划@AJiao Shi De Zhi Chen Jin Sheng Gui Hua@f朱立明主编@FZhu Li Ming Zhu Bian
210    @a北京@c中国社会科学出版社@d2012.7
215    @a177页@d24cm
606 0  @a教师@x职称@x工作
606 0  @a教师
690    @aG451.5@v5
701  0 @a朱立明@AZhu Li Ming@4主编
801    @aCN@bTANGWEI@c20130108
905    @b0829501-05@dG451.5@e115@f5
    
    教师的职称晋升规划/朱立明主编.-北京:中国社会科学出版社,2012.7
    177页;24cm
    
    
    ISBN 978-7-5161-0686-0:CNY22.80
    
●
相关链接 在E读中查询图书 在五车中查询图书 在当当中查询图书 在豆瓣中查询图书


正题名:教师的职称晋升规划     索取号:G451.5/115         预约/预借

序号 登录号 条形码 馆藏地/架位号 状态 备注
1 0829501   208295012   第一样本阅览室/ [索取号:G451.5/115] 在馆    
2 0829502   208295021   教育系资料室/ [索取号:G451.5/115] 在馆    
3 0829503   208295030   教育系资料室/ [索取号:G451.5/115] 在馆    
4 0829504   208295049   第四借阅区/ [索取号:G451.5/115] 在馆    
5 0829505   208295058   第四借阅区/ [索取号:G451.5/115] 在馆    
唐山师范学院图书馆 欢迎您!
大连网信软件有限公司© 版权所有